00950 am a2200265 a 450000500170000000800410001702000150005804100080007310000180008124500490009925000110014826000600015930000110021950001090023065300400033965300180037965300150039765300360041265300420044865300380049065300350052865300320056365300520059565300370064720240522104109.0100325s2002||||ag a f |||| 001 0 spa d a9500624370 aspa1 aWest, John B. aFisiología respiratoria / cJohn B. West. a6a ed. aBuenos Aires: bEditorial Médica Panamericana;c2002. a192 p. aWest, J. B. (2002). Fisiología respiratoria. (6a ed.). Buenos Aires : Editorial Médica Panamericana. aEstructura y función del pulmón aVentilación aDifusión aFlujo sanguíneo y metabolismo aRelaciones ventilación- perfusión aTransporte de gases por la sangre aMecánica de la respiración aControl de la ventilación aSistema respiratorio en condiciones de estrés aPruebas de la función pulmonar